[Event "FICGS theme 0000 email"]
[Site "FICGS email"]
[Date "2006.06.24"]
[Round "1"]
[White "Abolmaali, Kayvan"]
[Black "Wild, Jacques"]
[Result "1-0"]
[WhiteElo "1640"]
[BlackElo "1360"]
[PlyCount "23"]
[EventDate "2006.??.??"]
[EventType "swiss (corr)"]
[EventRounds "1"]
[SourceTitle "Corr 2022"]
[Source "ChessBase"]
[SourceDate "2021.10.24"]
[SourceVersion "1"]
[SourceVersionDate "2021.10.24"]
[SourceQuality "1"]

1. d4 Nf6 2. c4 c5 3. d5 b5 4. cxb5 a6 5. b6 Qxb6 6. Nc3 d6 7. e4 g6 8. Bd3 Bg7 9. Nf3 0-0 10. 0-0 Nbd7 11. Qe2 e6 12. dxe6 1-0

[Event "FICGS theme 0000 email"]
[Site "FICGS email"]
[Date "2006.06.24"]
[Round "1"]
[White "Wild, Jacques"]
[Black "Cook, Phil"]
[Result "0-1"]
[WhiteElo "1360"]
[BlackElo "1200"]
[PlyCount "30"]
[EventDate "2006.??.??"]
[EventType "swiss (corr)"]
[EventRounds "1"]
[SourceTitle "Corr 2022"]
[Source "ChessBase"]
[SourceDate "2021.10.24"]
[SourceVersion "1"]
[SourceVersionDate "2021.10.24"]
[SourceQuality "1"]

1. d4 Nf6 2. c4 c5 3. d5 b5 4. cxb5 d6 5. f3 e5 6. e4 Be7 7. Nc3 0-0 8. Bc4 Qe8 9. Nge2 Nbd7 10. 0-0 Nb6 11. b3 Nxc4 12. bxc4 h6 13. Qb3 Qd8 14. a4 Nh7 15. a5 Bd7 0-1